000 00748nam a22001817a 4500
003 UA-OsUOA
001 12921
007 ta
008 20050605b un ||||| |||| 00| 0 ukr d
100 _aЗайванівський М.
942 _cSA
040 _aUA-OsUOA
_cUA-OsUOA
_dUA-OsUOA
245 _aЗахищають дипломи у книгозбірні
_b[Ін-т мистецтв Рівнен. держ. гуманіт. ун-ту частину диплом. робіт презентує (і захищає водночас) у Рівнен. держ. обл. б-ці]
300 _aС.3
955 _a0
773 0 _w0
_tВісті Рівненщини
_dРівне
_d2005
_g№40/1 черв./
650 7 _aІнститут мистецтв
_2UDC
999 _c299082
_d299082